000 00366nam a2200133Ia 4500
008 240624s9999 xx 000 0 und d
041 _aeng
082 _a658.812 BRO
100 _aBROWN MARK GRAHAM
245 _aKEEP SCORE USING THE RIGHT METRICS TO DR
260 _c2007
_aNew Delhi
_bPrentice-Hall of India
300 _aix, : 198 : p. : cm. ; 23
365 _cRS
_b36
999 _c7552
_d7552